000 00334nam a2200145Ia 4500
008 100122s9999 xx 000 0 und d
082 _b34536
_a823
100 _aHOWARD CLARK
245 _aTHE KILLINGS
260 _bPAN BOOKS LIMITED
_c1905
300 _a239
630 _aTHE KILLINGS
730 _aTHE KILLINGS
942 _cBOOK
999 _c370889
_d370886